00428nam a2200145Ia 4500008004100000020001800041100004000059245002200099260001300121500002500134650001500159942000700174952008400181999001700265230524s9999 xx 000 0 und d a9789350244562 aArif Sheikh & Kaneez Fatima937238 0aRetail Management bHimalaya aQuantity Number: 10 aManagement cBK 00104070aTATCLbTATCLcGENd2023-05-24l0p45925r2023-05-24w2023-05-24yBK c51337d51337